书目信息 |
| 题名: |
英语爱情故事精粹
|
|
| 作者: | 侯国金 , 王珏 编译 | |
| 分册: | ||
| 出版信息: | 武汉 武汉大学出版社 2000.01 |
|
| 页数: | 251页 | |
| 开本: | 32开 | |
| 丛书名: | ||
| 单 册: | ||
| 中图分类: | H319.4:I | |
| 科图分类: | ||
| 主题词: | 英语 | |
| 电子资源: | ||
| ISBN: | 7-307-02892-1 | |
| 000 | 00595nam0 2200205 45 | |
| 001 | 0010051585 | |
| 005 | 20001005160006.8 | |
| 010 | @a7-307-02892-1@d9.50元 | |
| 100 | @a20001005d2000 km y0chiy0120 ea | |
| 101 | 0 | @achi |
| 105 | @a z 000yy | |
| 200 | 1 | @a英语爱情故事精粹@AYing Yu Ai Qing Gu Shi Jing Cui@f侯国金,王珏编译@FHou Guo Jin,Wang Jue Bian Yi |
| 210 | @a武汉@c武汉大学出版社@d2000.01 | |
| 215 | @a251页@d32开 | |
| 606 | 0 | @a英语 |
| 690 | @aH319.4:I@v3 | |
| 701 | 0 | @a侯国金@4编译 |
| 701 | 0 | @a王珏@4编译 |
| 801 | @aCN@bPftUser@c20001005 | |
| 905 | @b166653-655@dH319.4:I@eH913@f3 | |
| 英语爱情故事精粹/侯国金,王珏编译.-武汉:武汉大学出版社,2000.01 |
| 251页;32开 |
| ISBN 7-307-02892-1:9.50元 |
| ● |
| 相关链接 |
|
|
|
正题名:英语爱情故事精粹
索取号:H319.4:I/H913
 
预约/预借
| 序号 | 登录号 | 条形码 | 馆藏地/架位号 | 状态 | 备注 |
| 1 | 166653 | 201666535 | 自科二线504/504自科库 45排2列6层/ [索取号:H319.4:I/H913] | 在馆 | |
| 2 | 166654 | 201666544 | 自科二线504/504自科库 45排2列6层/ [索取号:H319.4:I/H913] | 在馆 | |
| 3 | 166655 | 201666553 | 自科二线504/504自科库 45排2列6层/ [索取号:H319.4:I/H913] | 在馆 | |
| 4 | 310037 | 203100376 | 自科二线504/209语言库 46排4列1层/ [索取号:H319.4:I/H913] | 在馆 |